| 000 | 00347nam a22001457a 4500 | ||
|---|---|---|---|
| 003 | ASAB | ||
| 005 | 20180827062605.0 | ||
| 008 | 151231t xxu||||| |||| 00| 0 eng d | ||
| 020 | _a969-8893-01-6 | ||
| 040 | _cASAB | ||
| 100 |
_aS. khalid mahmood _91424 |
||
| 245 |
_aworld cup 2003 _btop of the world charts |
||
| 300 | _a186 | ||
| 942 |
_2ddc _cBK |
||
| 999 |
_c479931 _d479931 |
||